000 01168nmm a2200337 a 4500
001 ocm0002347712
003 TR-IsHL
005 20201028185642.0
008 191108s2019 tu tur
007 cr cn
020 _a9786057786029
035 _a2347712
_b(N$T)
050 0 4 _aMT265
_b.V37 2019
090 0 4 _aMT265
_b.V37 2019
100 1 _aVarış, Yakup Alper
245 1 0 _aViyola için gitar eşlikli popüler ezgiler
_h[electronic resource] /
_cYakup Alper Varış ; Nota Yazım Dr. Öğr. Üyesi Kaan Öztutgan ; Nota Editörü: Doç. Dr. Ferit Bulut
250 _a1. Baskı
260 _aKonya :
_bEğitim Yayınevi,
_c2019
300 _a42 p.
500 _aKaynakça sayfa:39.
650 4 _aMüzik
650 4 _aMusic
650 0 _aMüzik
_x Eğitim ve ca̧lısm̧a
650 0 _aMusic
_x Instruction and study
650 0 _aViyola
_x Eğitim ve çalışma
650 0 _aViolin
_x Instruction and study
650 7 _aMUSIC / Musical Instruments / General
_2bisacsh
700 1 _aÖztutgan, Kaan
700 1 _aBulut, Ferit
856 4 0 _uhttp://search.ebscohost.com/login.aspx?direct=true&scope=site&db=e011xww&AN=2347712
999 _c21560
_d21560